Races de chien facile 2 - Statistiques

Statistiques générales
  • Ce quiz a été pris 80 fois
  • Le résultat moyen est 6 sur 12
Statistiques - réponses
Par images Réponse % Correct
Teckel
86%
Beagle
74%
Border collie
70%
Rottweiler
68%
Colley
56%
Chow Chow
51%
Poméranien
51%
Corgi
47%
Shih tzu
46%
Bichon maltais
37%
Cocker anglais
35%
Shnauzer
18%
Aucun quiz correspondant
Distribution des résultats
% des personnes avec chaque résultat
Percentile par nombre de réponses
Votre historique - résultats
Vous n’avez pas pris ce quiz